Vilhelm Hammershøi and Danish art at the turn of the century /

Bibliographic Details
Main Author: Vad, Poul
Format: Book
Language:English
Published: New Haven : Yale University Press, [1992]
Subjects:

MARC

Tag First Indicator Second Indicator Subfields
LEADER 00000cam a2200000 a 4500
001 in00001110607
005 20150929213324.0
008 911206s1992 ctua b 001 0beng
010 |a  91051107  
020 |a 0300049560 
035 |a (OCoLC)25047621 
035 |9 AFU2007AM 
040 |a DLC  |c DLC  |d TXA  |d UtOrBLW 
041 1 |a eng  |h dan 
043 |a e-dk--- 
049 |a TXAM 
050 0 0 |a ND723.H282  |b V2813 1992 
082 0 0 |a 759.89  |a B  |2 20 
100 1 |a Vad, Poul. 
240 1 0 |a Hammershøi.  |l English 
245 1 0 |a Vilhelm Hammershøi and Danish art at the turn of the century /  |c Poul Vad ; translated by Kenneth Tindall. 
264 1 |a New Haven :  |b Yale University Press,  |c [1992] 
264 4 |c ©1992 
300 |a 462 pages :  |b illustrations (some color) ;  |c 31 cm. 
336 |a text  |b txt  |2 rdacontent 
337 |a unmediated  |b n  |2 rdamedia 
338 |a volume  |b nc  |2 rdacarrier 
504 |a Includes bibliographical references (pages 442-445) and index. 
600 1 0 |a Hammershøi, Vilhelm,  |d 1864-1916. 
650 0 |a Painters  |z Denmark  |v Biography. 
999 |a MARS 
999 f f |s 03d3dd02-85de-3ad2-8ea1-b5577f9425fa  |i ed71e23f-dbe3-30f0-84b4-3589441ba9da  |t 0 
952 f f |p normal  |a Texas A&M University  |b College Station  |c Sterling C. Evans Library  |d Evans: Library Stacks  |t 0  |e ND723.H282 V2813 1992  |h Library of Congress classification  |i unmediated -- volume  |m A14816851466 
998 f f |a ND723.H282 V2813 1992  |t 0  |l Evans: Library Stacks